| 000 | 00535nam a22001817a 4500 | ||
|---|---|---|---|
| 003 | OSt | ||
| 005 | 20201124075617.0 | ||
| 008 | 130909s2012 dr 001 0 spa d | ||
| 040 |
_aDO-SdBNP _bspa _cBNPHU |
||
| 082 |
_axxxx _bxxxx |
||
| 100 | 1 |
_aLizardo Lasocé, Luis Fco. _956903 |
|
| 245 | 1 | 3 |
_aEl hombre que soñó un país libre : _bLas Antillas / _cLuis Fco. Lizardo Lasocé |
| 260 |
_aSanto Domingo: _bUniversitaria; _c2012. |
||
| 300 |
_a32 p. ; _c21 cm. |
||
| 590 | _aInventariado,2020/ YL | ||
| 910 | _aYLockward | ||
| 942 |
_2ddc _cLF2 |
||
| 999 |
_c49190 _d49190 |
||